[Event "Pan American-ch Hybrid U14 31st"]
[Site "Tornelo INT"]
[Date "2021.09.04"]
[Round "3"]
[White "Caceres Sandoval, Eduardo"]
[Black "Carballo Lemus, Victor Gabriel"]
[Result "1-0"]
[WhiteElo "1772"]
[BlackElo "1441"]
[PlyCount "95"]
[EventDate "2021.09.04"]
[EventType "swiss"]
[EventRounds "9"]
[EventCountry "NET"]
[SourceTitle "EXT 2023"]
[Source "ChessBase"]
[SourceDate "2022.10.05"]
[SourceVersion "1"]
[SourceVersionDate "2022.10.05"]
[SourceQuality "1"]

1. e4 c5 2. Nf3 d6 3. d4 cxd4 4. Nxd4 Nf6 5. f3 e5 6. Nb3 d5 7. Bg5 d4 8. Bb5+ Bd7 9. Bxd7+ Nbxd7 10. c3 dxc3 11. Nxc3 Bb4 12. 0-0 Qb6+ 13. Kh1 0-0 14. Nd5 Nxd5 15. Qxd5 Qg6 16. Be3 Nf6 17. Qxe5 Rfe8 18. Qg5 Qxg5 19. Bxg5 Nd7 20. Rfd1 Ne5 21. a3 Bf8 22. Rac1 Rac8 23. Rxc8 Rxc8 24. Rc1 Rxc1+ 25. Nxc1 Nc4 26. Nd3 f6 27. Bc1 Bd6 28. Kg1 Kf7 29. g3 Ke7 30. Kf2 Kd7 31. a4 Na5 32. Be3 a6 33. f4 Nc4 34. Bd4 Nd2 35. Ke2 Nxe4 36. Ke3 f5 37. Bxg7 Ke6 38. Kd4 Kf7 39. Be5 Be7 40. Kd5 h5 41. Bc3 Nxc3+ 42. bxc3 Ke8 43. Ke6 b5 44. axb5 a5 45. b6 Bd8 46. b7 Bc7 47. Nc5 Kd8 48. Kd5 1-0

[Event "Caissa Guatemala Online"]
[Site "Chess.com INT"]
[Date "2021.01.23"]
[Round "7"]
[White "Meono Perez, Junior M"]
[Black "Carballo Lemus, Victor Gabriel"]
[Result "0-1"]
[WhiteElo "1366"]
[BlackElo "1441"]
[PlyCount "132"]
[EventDate "2021.01.23"]
[EventType "swiss (blitz)"]
[EventRounds "7"]
[EventCountry "GUA"]
[SourceTitle "CBM 200 Extra"]
[Source "ChessBase"]
[SourceDate "2021.03.31"]
[SourceVersion "1"]
[SourceVersionDate "2021.03.31"]
[SourceQuality "1"]

1. Nf3 Nf6 2. g3 g6 3. Bg2 Bg7 4. 0-0 0-0 5. d4 d6 6. c4 Nbd7 7. Nc3 c6 8. e4 e5 9. d5 c5 10. h3 a6 11. Be3 Rb8 12. Qd2 b5 13. b3 b4 14. Ne2 Nxe4 15. Qc2 f5 16. Nd2 Nxd2 17. Bxd2 e4 18. Rae1 Ne5 19. Nf4 g5 20. Nh5 Nd3 21. Re3 Bd4 22. Re2 Qe8 23. g4 Qg6 24. Ng3 Nf4 25. Bxf4 gxf4 26. Nxf5 Bxf5 27. Bxe4 Bxe4 28. Rxe4 h5 29. Qe2 f3 30. Qe1 Bc3 31. Qe3 Bd2 32. Re6 Bxe3 33. Rxg6+ Kh7 34. gxh5 Bf4 35. Re1 Rbe8 36. Ree6 Rxe6 37. Rxe6 Rf5 38. Re7+ Kh6 39. Ra7 Rxh5 40. Rxa6 Rxh3 41. a3 bxa3 42. Rxa3 Rh5 43. Ra8 Re5 44. Kf1 Re2 45. Rh8+ Kg7 46. Rh3 Rb2 47. Rxf3 Be5 48. Re3 Kf7 49. Ke1 Bd4 50. Rf3+ Ke7 51. Kf1 Kd7 52. Ke1 Kc7 53. Rf7+ Kb6 54. Rf3 Ka5 55. Rf8 Rxb3 56. Ra8+ Kb4 57. Rb8+ Kxc4 58. Rxb3 Kxb3 59. f4 c4 60. f5 c3 61. Kd1 Kb2 62. Ke2 c2 63. Kd3 Bf6 64. Kc4 c1Q+ 65. Kb5 Qc5+ 66. Ka6 Bd8 0-1

[Event "Fide Inter Con Cup U18"]
[Site "Tornelo INT"]
[Date "2020.10.10"]
[Round "2"]
[White "Jalon, Nicolas"]
[Black "Carballo Lemus, Victor Gabriel"]
[Result "0-1"]
[WhiteElo "1197"]
[BlackElo "1441"]
[PlyCount "80"]
[EventDate "2020.10.10"]
[EventType "swiss (rapid)"]
[EventRounds "6"]
[EventCountry "NET"]
[SourceTitle "EXT 2022"]
[Source "ChessBase"]
[SourceDate "2021.10.06"]
[SourceVersion "1"]
[SourceVersionDate "2021.10.06"]
[SourceQuality "1"]

1. e4 c5 2. Nf3 d6 3. d4 cxd4 4. Nxd4 Nf6 5. Nc3 a6 6. Bg5 e6 7. f4 Be7 8. Qf3 Nbd7 9. 0-0-0 Qc7 10. Kb1 b5 11. g4 h6 12. Bxf6 Bxf6 13. Bg2 Bb7 14. Qf2 Qb6 15. Qd2 Nc5 16. h4 b4 17. Nce2 Bxe4 18. Bxe4 Nxe4 19. Qe3 Bxd4 20. Rxd4 Nf6 21. g5 hxg5 22. fxg5 Ng4 23. Qd2 Qc6 24. Rg1 Ne5 25. Rxd6 Qb7 26. Rd1 0-0 27. Qf4 Ng6 28. Qg3 Qb5 29. h5 Qxe2 30. hxg6 fxg6 31. R6d2 Rf1 32. Kc1 Rxd1+ 33. Rxd1 Rf8 34. Qe1 Qc4 35. Qd2 Qxa2 36. Qd3 Qa1+ 37. Kd2 Qxb2 38. Ke3 Qe5+ 39. Kd2 Rf2+ 40. Kc1 Qa1# 0-1